[Event "Teplice op 14th"]
[Site "Teplice"]
[Date "2019.06.20"]
[Round "6"]
[White "Kett, Timothy"]
[Black "Cawdery, Daniel"]
[Result "1/2-1/2"]
[WhiteElo "2197"]
[BlackElo "2428"]
[PlyCount "60"]
[EventDate "2019.06.15"]
[EventType "swiss"]
[EventRounds "9"]
[EventCountry "CZE"]
[SourceTitle "CBM 191 Extra"]
[Source "ChessBase"]
[SourceDate "2019.09.30"]
[SourceVersion "1"]
[SourceVersionDate "2019.09.30"]
[SourceQuality "1"]

1. d4 Nf6 2. Nc3 d5 3. Bf4 g6 4. e3 Bg7 5. h4 c5 6. Nb5 Na6 7. c3 Qb6 8. a4 c4 9. Nf3 0-0 10. b3 cxb3 11. Qxb3 Qa5 12. h5 Bd7 13. hxg6 hxg6 14. Ne5 Bxb5 15. Bxb5 Rac8 16. Rc1 Nc7 17. 0-0 Ne6 18. Bh2 Nc7 19. Bd3 Ne6 20. Qb4 Qxb4 21. cxb4 Rfd8 22. Rfd1 Ne8 23. Kf1 Nd6 24. Ke2 Rxc1 25. Rxc1 Rc8 26. Rxc8+ Nxc8 27. Nd7 Nd8 28. Kd2 e6 29. Be5 Bxe5 30. Nxe5 Nd6 1/2-1/2

[Event "Sandton SWVG blitz op"]
[Site "Sandton"]
[Date "2019.05.19"]
[Round "6"]
[White "Cawdery, Daniel"]
[Black "Khumalo, Keith"]
[Result "1-0"]
[WhiteElo "2348"]
[BlackElo "1916"]
[PlyCount "41"]
[EventDate "2019.05.19"]
[EventType "swiss (blitz)"]
[EventRounds "10"]
[EventCountry "RSA"]
[SourceTitle "CBM 190 Extra"]
[Source "ChessBase"]
[SourceDate "2019.07.15"]
[SourceVersion "1"]
[SourceVersionDate "2019.07.15"]
[SourceQuality "1"]

1. e4 c5 2. Nf3 d6 3. d4 cxd4 4. Qxd4 Bd7 5. Be3 Nc6 6. Qd2 g6 7. Nc3 Bg7 8. Bc4 Nf6 9. Bh6 0-0 10. Bxg7 Kxg7 11. 0-0 Rc8 12. Bb3 Bg4 13. Nd4 Ne5 14. h3 Bd7 15. f4 Nc4 16. Bxc4 Rxc4 17. e5 Ne8 18. Kh1 Rxd4 19. Qxd4 dxe5 20. fxe5 e6 21. Rad1 1-0

[Event "Sandton SWVG blitz op"]
[Site "Sandton"]
[Date "2019.05.19"]
[Round "4"]
[White "Cawdery, Daniel"]
[Black "Uzenit, Tapera"]
[Result "1/2-1/2"]
[WhiteElo "2348"]
[BlackElo "1937"]
[PlyCount "56"]
[EventDate "2019.05.19"]
[EventType "swiss (blitz)"]
[EventRounds "10"]
[EventCountry "RSA"]
[SourceTitle "CBM 190 Extra"]
[Source "ChessBase"]
[SourceDate "2019.07.15"]
[SourceVersion "1"]
[SourceVersionDate "2019.07.15"]
[SourceQuality "1"]

1. e4 c5 2. Nf3 g6 3. d4 cxd4 4. Qxd4 Nf6 5. Nc3 Bg7 6. e5 Nc6 7. Qh4 Ng8 8. Bf4 f6 9. exf6 Nxf6 10. Bc4 d5 11. 0-0-0 e6 12. Bb3 0-0 13. Rhe1 Na5 14. Kb1 Nxb3 15. axb3 Qb6 16. Be3 Qc6 17. Bd4 Bd7 18. Ne5 Qc7 19. Nxd7 Qxd7 20. Re2 b5 21. Rde1 Rae8 22. Bc5 Rf7 23. f3 Qc6 24. Bd4 a5 25. Qh3 Rfe7 26. Qh4 Rf7 27. Qh3 Rfe7 28. Qh4 Rf7 1/2-1/2